000
00295nam a22001337a 4500
008
170206b xxu||||| |||| 00| 0 eng d
020
_a
9780781794640
041
_a
eng
080
_a
61
100
_a
3
101
_a
SHM
245
_a
ANTIBIOTIC BASIC CLINICIAS
_c
ALAN.R HAUSER
942
_2
udc
_c
BK
999
_c
4702
_d
4702